00899 2200181 4500245003500000020002200035250001100057100001200068700001700080650001000097005001900107260003600126041001400162084001000176300002700186500049500213336000900708 aLove Deadline !cAisahplhText a978-602-1383-75-9 aCet. 1 aAisahpl aMaulida Ulil aKomik a20240126095659 aYogyakartabBentang Komikc2016 aIndonesia a741.5 avi, 118 hlm. :c19 cm. aApril, seorang remaja biasa tidak sengaja jatuh hati kepada sosok misterius bernama Deadline, sang Panjaga Tenggat Waktu. Katanya, sosok menyeramkan itu akan mendatangi siapa saja yang berani melewati tenggat waktu, tanpa ampun! Lalu, apa yang terjadi ketika April yang sangat rajin dan tidak pernah melewati tenggat waktu tiba-tiba jatuh hati kepada sosok menakutkan ini? Inilah kisah cinta tak biasa antara April dan Deadline, sebuah kisah cinta yang telah menjungkirbalikkan dunia April. atext